A korszerű technika tanításáról a technika tantárgy helyzete a közoktatásban /

Elmentve itt :
Bibliográfiai részletek
Szerző: Schiller István
Dokumentumtípus: Cikk
Megjelent: 2003
Sorozat:Iskolakultúra 13 No. 4
Online Access:http://misc.bibl.u-szeged.hu/39793
LEADER 00616nab a2200169 i 4500
001 misc39793
005 20191106140822.0
008 180709s2003 hu o 0|| zxx d
022 |a 1215-5233 
040 |a SZTE Miscellanea Repozitórium  |b hun 
041 |a zxx 
100 1 |a Schiller István 
245 1 2 |a A korszerű technika tanításáról   |h [elektronikus dokumentum] :  |b a technika tantárgy helyzete a közoktatásban /  |c  Schiller István 
260 |c 2003 
300 |a 26-39 
490 0 |a Iskolakultúra  |v 13 No. 4 
856 4 0 |u http://misc.bibl.u-szeged.hu/39793/1/EPA00011_iskolakultura_2003_04_026-039.pdf  |z Dokumentum-elérés